Maximized manhood : (Record no. 9336)

MARC details
000 -LEADER
fixed length control field 00941cam a22003013a 4500
001 - CONTROL NUMBER
control field 15634987
003 - CONTROL NUMBER IDENTIFIER
control field OSt
005 - DATE AND TIME OF LATEST TRANSACTION
control field 20210112160657.0
008 - FIXED-LENGTH DATA ELEMENTS--GENERAL INFORMATION
fixed length control field 830706s1982 cau 000 0 eng d
010 ## - LIBRARY OF CONGRESS CONTROL NUMBER
LC control number 2009389221
020 ## - INTERNATIONAL STANDARD BOOK NUMBER
International Standard Book Number 0883681072
020 ## - INTERNATIONAL STANDARD BOOK NUMBER
International Standard Book Number 9780883681077
035 ## - SYSTEM CONTROL NUMBER
System control number (OCoLC)ocm09671811
035 ## - SYSTEM CONTROL NUMBER
System control number (OCoLC)9671811
040 ## - CATALOGING SOURCE
Original cataloging agency TBI
Transcribing agency TBI
Modifying agency PBE
-- OCLCQ
-- BTCTA
-- YDXCP
-- DLC
042 ## - AUTHENTICATION CODE
Authentication code lccopycat
050 00 - LIBRARY OF CONGRESS CALL NUMBER
Classification number CPB Box no. 2659 vol. 5
100 1# - MAIN ENTRY--PERSONAL NAME
Personal name Cole, Edwin Louis.
245 10 - TITLE STATEMENT
Title Maximized manhood :
Remainder of title a guide to family survival /
Statement of responsibility, etc. Edwin Louis Cole.
260 ## - PUBLICATION, DISTRIBUTION, ETC.
Place of publication, distribution, etc. Springdale, PA. :
Name of publisher, distributor, etc. Whitaker House,
Date of publication, distribution, etc. c1982.
300 ## - PHYSICAL DESCRIPTION
Extent 176 p. ;
Dimensions 18 cm.
650 #0 - SUBJECT ADDED ENTRY--TOPICAL TERM
Topical term or geographic name entry element Families
General subdivision Religious life.
650 #0 - SUBJECT ADDED ENTRY--TOPICAL TERM
Topical term or geographic name entry element Men
General subdivision Religious life.
710 2# - ADDED ENTRY--CORPORATE NAME
Corporate name or jurisdiction name as entry element Copyright Paperback Collection (Library of Congress)
Institution to which field applies DLC
906 ## - LOCAL DATA ELEMENT F, LDF (RLIN)
a 7
b cbc
c copycat
d 2
e ncip
f 20
g y-genrareb
942 ## - ADDED ENTRY ELEMENTS (KOHA)
Source of classification or shelving scheme Dewey Decimal Classification
Koha item type Books

No items available.


OPAC Designed and Maintained by HMC Library Team.
Copyright © HMC Library,Greater Noida, UP.
For any Suggestions/Query Contact library via Email:libhmc@gmail.com